00417nam a2200169Ia 4500003000400000005001700004008004100021020001500062050002500077100001600102245004400118260003500162300002900197440000600226521000700232526000800239OSt20140312101505.0140130s9999 xx 000 0 und d a0439306078 aPZ 7b.Ab131S14 2002 aAbott, Tony aVoyage of the jaffa wind /cAbott, Tony bScholastic,c2002.aNew York : a133 p. :bill. ;c18 cm. v1 aG3 c510